Artículos de crítica teatral : (Record no. 210885)

MARC details
000 -CABECERA
campo de control de longitud fija 00717nam a2200217 a 4500
005 - FECHA Y HORA DE LA ÚLTIMA TRANSACCIÓN
campo de control 20240213085022.0
008 - DATOS DE LONGITUD FIJA--INFORMACIÓN GENERAL
campo de control de longitud fija 240130s1968 mx |||||r|||| 000 0 spa d
040 ## - FUENTE DE CATALOGACIÓN
Agencia de catalogación original MX-MxUPN
Idioma de catalogación spa
Agencia que realiza la transcripción MX-MxUPN
041 0# -
-- spa
050 14 -
-- PN2784
-- D52 1968
100 1# -
-- Díez-Canedo, Enrique,
-- 1879-1944
-- 51008
245 10 - MENCIÓN DE TÍTULO
Título Artículos de crítica teatral :
Parte restante del título el teatro español de 1914 a 1936.
Número de la parte/sección de la obra V,
Nombre de la parte/sección de la obra Elementos de renovación
250 ## - MENCIÓN DE EDICIÓN
Mención de edición Primera edición.
260 ## - PUBLICACION, DISTRIBUCION, ETC. (PIE DE IMPRENTA)
Lugar de publicación, distribución, etc. México, D.F. :
Nombre del editor, distribuidor, etc. Joaquín Mortiz,
Fecha de publicación, distribución, etc. 1968.
300 ## - DESCRIPCIÓN FÍSICA
Extensión 241 páginas
650 #4 -
-- Drama español
-- Siglo XX
-- Historia y crítica
-- 51010
902 ## - ELEMENTOS DE DATOS B LOCAL, LDB (RLIN)
Creó GCH300124
Modificó Víctor Ruiz/130224
942 ## - ELEMENTOS DE PUNTO DE ACCESO ADICIONAL (KOHA)
Fuente del sistema de clasificación o colocación Library of Congress Classification
Tipo de ítem Koha Libro
Holdings
Estado de retiro Estado de pérdida Fuente del sistema de clasificación o colocación Estado dañado No para préstamo Código de colección Localización permanente Ubicación/localización actual Ubicación en estantería Fecha de adquisición Signatura topográfica completa Código de barras Fecha visto por última vez Precio válido a partir de Tipo de ítem Koha
    Library of Congress Classification     Colección General Bib. Gregorio Torres Quintero Bib. Gregorio Torres Quintero Planta baja 30/01/2024 PN2784 D52 1968 337851 30/01/2024 30/01/2024 Libro